| 000 | 00378nam a22001217a 4500 | ||
|---|---|---|---|
| 082 | _a200 THE | ||
| 100 |
_aOmair Altaf _969823 |
||
| 245 | _aTH-SOF-1598-Gyro-Stabilization & Geo-pointing Algorithm for an Aerial Imaging System | ||
| 260 |
_aIslamabad _bNUST College of EME _c2018 |
||
| 650 | _aMS-ELECT-83 MSTHESIS | ||
| 700 | _aSupervisor DR. FAHAD MUMTAZ MALIK | ||
| 942 | _cCF | ||
| 999 |
_c576934 _d576934 |
||